[Event "Niedersachsen-ch Seniors op 10th"]
[Site "Bad Bevensen"]
[Date "2007.07.09"]
[Round "7"]
[White "Bierwisch, Bernhard"]
[Black "Schlag, Franz"]
[Result "1-0"]
[WhiteElo "2069"]
[BlackElo "1888"]
[PlyCount "137"]
[EventDate "2007.07.03"]
[EventType "swiss"]
[EventRounds "9"]
[EventCountry "GER"]
[SourceTitle "EXT 2022"]
[Source "ChessBase"]
[SourceDate "2021.10.06"]
[SourceVersion "1"]
[SourceVersionDate "2021.10.06"]
[SourceQuality "1"]

1. e4 e5 2. Nf3 Nc6 3. Bb5 g6 4. d4 exd4 5. Nxd4 Bg7 6. Be3 Nge7 7. Nc3 0-0 8. 0-0 a6 9. Ba4 b5 10. Bb3 Na5 11. Nde2 Nxb3 12. axb3 d6 13. Nxb5 Bb7 14. Nbc3 f5 15. Bd4 Bh6 16. Qd3 fxe4 17. Nxe4 Nf5 18. Bc3 Rf7 19. N2g3 Qh4 20. Ra4 Qd8 21. Bd2 Nxg3 22. Nxg3 Bxd2 23. Qxd2 Qf6 24. Qc3 Qxc3 25. bxc3 Re8 26. h4 Kg7 27. Rd1 Rfe7 28. Kf1 Re5 29. Rad4 R8e7 30. c4 Kf7 31. f3 h6 32. Kf2 Kf6 33. R1d2 Kf7 34. Re2 Kg7 35. Rxe5 Rxe5 36. Ne2 g5 37. hxg5 hxg5 38. f4 gxf4 39. Rxf4 Be4 40. c3 c5 41. Ng3 Bc2 42. b4 cxb4 43. cxb4 Bg6 44. Rd4 Re6 45. Ne2 Rf6+ 46. Nf4 Bf7 47. Ke3 Be8 48. g3 Kf8 49. g4 Bf7 50. g5 Rf5 51. g6 Bg8 52. Ke4 Rf6 53. c5 d5+ 54. Ke5 Rc6 55. Nxd5 Bxd5 56. Rxd5 Rxg6 57. Rd6 Rg4 58. Rb6 Ke7 59. Rb7+ Kd8 60. Kd5 Kc8 61. c6 Rg5+ 62. Kc4 Rh5 63. Rd7 Rg5 64. Rd5 Rg4+ 65. Kc5 Rh4 66. Rd4 Rh8 67. Kb6 Kb8 68. Rd7 Rc8 69. Rb7+ 1-0

[Event "Bad Woerishofen Seniors opA 23rd"]
[Site "Bad Woerishofen"]
[Date "2007.03.16"]
[Round "9"]
[White "Ljubarskij, Jurij"]
[Black "Bierwisch, Bernhard"]
[Result "1/2-1/2"]
[WhiteElo "2292"]
[BlackElo "2242"]
[PlyCount "80"]
[EventDate "2007.03.08"]
[EventType "swiss"]
[EventRounds "9"]
[EventCountry "GER"]
[SourceTitle "EXT 2008"]
[Source "ChessBase"]
[SourceDate "2007.11.25"]
[SourceVersion "1"]
[SourceVersionDate "2007.11.25"]
[SourceQuality "1"]

1. e4 c5 2. Nc3 Nc6 3. f4 g6 4. Nf3 Bg7 5. Bb5 Nd4 6. Nxd4 cxd4 7. Ne2 a6 8. Bc4 e6 9. c3 d5 10. exd5 exd5 11. Bd3 Bg4 12. 0-0 Ne7 13. h3 Bf5 14. Qc2 Rc8 15. Ng3 Bxd3 16. Qxd3 f5 17. Ne2 Nc6 18. b3 0-0 19. Bb2 Re8 20. Kh2 Qe7 21. Ng3 Qd6 22. Qf3 Re6 23. Rfe1 Rce8 24. Rxe6 Qxe6 25. Rc1 h5 26. cxd4 h4 27. Nf1 Qe4 28. Ne3 Qxf3 29. gxf3 Nxd4 30. Bxd4 Bxd4 31. Nxd5 Re2+ 32. Kh1 Rxd2 33. Rc7 Bg7 34. Ne7+ Kh7 35. Rxb7 Rxa2 36. Nd5 Kh6 37. Ne7 a5 38. Rb6 Ra1+ 39. Kg2 Rg1+ 40. Kh2 Kh7 1/2-1/2

[Event "Bad Woerishofen Seniors opA 23rd"]
[Site "Bad Woerishofen"]
[Date "2007.03.13"]
[Round "6"]
[White "Bierwisch, Bernhard"]
[Black "Krebs, Dietmar"]
[Result "1/2-1/2"]
[WhiteElo "2242"]
[BlackElo "2072"]
[PlyCount "79"]
[EventDate "2007.03.08"]
[EventType "swiss"]
[EventRounds "9"]
[EventCountry "GER"]
[SourceTitle "EXT 2008"]
[Source "ChessBase"]
[SourceDate "2007.11.25"]
[SourceVersion "1"]
[SourceVersionDate "2007.11.25"]
[SourceQuality "1"]

1. e4 c5 2. Nc3 Nc6 3. g3 g6 4. Bg2 Bg7 5. d3 e6 6. Be3 Nd4 7. Nce2 d6 8. c3 Nxe2 9. Nxe2 Ne7 10. 0-0 0-0 11. Qd2 Rb8 12. d4 cxd4 13. cxd4 d5 14. Bf4 Ra8 15. Rac1 Nc6 16. e5 f6 17. exf6 Bxf6 18. Bh6 Bg7 19. Bxg7 Kxg7 20. f4 Bd7 21. Rf3 Rc8 22. Rfc3 Ne7 23. Bh3 Rxc3 24. Rxc3 Nc6 25. Bf1 Qf6 26. b4 a6 27. a4 Rc8 28. b5 axb5 29. axb5 Ne7 30. Nc1 Qf8 31. Nd3 Rxc3 32. Qxc3 Qc8 33. Qb4 Kf6 34. g4 Qc7 35. Ne5 Be8 36. Qe1 Kg7 37. Qb4 b6 38. Qa3 Nc8 39. Qh3 Nd6 40. g5 1/2-1/2

[Event "Bad Woerishofen Seniors opA 23rd"]
[Site "Bad Woerishofen"]
[Date "2007.03.08"]
[Round "1"]
[White "Braeu, Ludwig"]
[Black "Bierwisch, Bernhard"]
[Result "0-1"]
[WhiteElo "1767"]
[BlackElo "2093"]
[PlyCount "72"]
[EventDate "2007.03.08"]
[EventType "swiss"]
[EventRounds "9"]
[EventCountry "GER"]
[SourceTitle "EXT 2022"]
[Source "ChessBase"]
[SourceDate "2021.10.06"]
[SourceVersion "1"]
[SourceVersionDate "2021.10.06"]
[SourceQuality "1"]

1. Nf3 Nf6 2. c4 g6 3. g3 Bg7 4. Bg2 0-0 5. 0-0 d6 6. d4 Nbd7 7. Qc2 e5 8. Rd1 Qe7 9. Nc3 c6 10. e4 Nh5 11. b3 b6 12. Ba3 Rd8 13. Rac1 Bf8 14. Re1 Qf6 15. Rcd1 Bb7 16. Bb2 Ng7 17. Bc1 Qe7 18. Ba3 Qe8 19. Bh3 Bc8 20. Qe2 Nf6 21. Bxc8 Raxc8 22. Bb2 Nd7 23. Kg2 Nh5 24. Qe3 f6 25. Nh4 Qf7 26. Re2 Be7 27. Nf3 Nf8 28. Ng1 g5 29. Qf3 Ne6 30. Nb1 c5 31. dxc5 dxc5 32. Red2 Nd4 33. Qe3 Qg6 34. Nc3 Nf4+ 35. Kh1 Nfe6 36. Nd5 Bf8 0-1

[Event "Hessen-ch Seniors op 02nd"]
[Site "Bad Sooden-Allendorf"]
[Date "2006.04.26"]
[Round "2"]
[White "Rychlik, Kurt"]
[Black "Bierwisch, Bernhard"]
[Result "1/2-1/2"]
[WhiteElo "1811"]
[BlackElo "2118"]
[PlyCount "60"]
[EventDate "2006.04.25"]
[EventType "swiss"]
[EventRounds "9"]
[EventCountry "GER"]
[SourceTitle "EXT 2007"]
[Source "ChessBase"]
[SourceDate "2006.11.23"]
[SourceVersion "1"]
[SourceVersionDate "2006.11.23"]
[SourceQuality "1"]

1. d4 Nf6 2. c4 g6 3. Nc3 Bg7 4. e4 d6 5. Be2 0-0 6. Nf3 e5 7. 0-0 Nc6 8. d5 Ne7 9. Nh4 Nd7 10. g3 a5 11. Be3 b6 12. a3 Nc5 13. b4 axb4 14. axb4 Rxa1 15. Qxa1 Nb7 16. Qa7 f5 17. f3 f4 18. Bf2 fxg3 19. hxg3 g5 20. Ng2 h5 21. Nd1 Qd7 22. Nde3 Bh6 23. g4 h4 24. Nf5 Nxf5 25. exf5 Bg7 26. Bd3 Bf6 27. Ne3 Nd8 28. Kg2 Nf7 29. Rc1 Bd8 30. Nf1 Qe8 1/2-1/2

[Event "Bad Woerishofen Seniors opA 22th"]
[Site "Bad Woerishofen"]
[Date "2006.03.22"]
[Round "6"]
[White "Mentel, Juergen"]
[Black "Bierwisch, Bernhard"]
[Result "0-1"]
[WhiteElo "1957"]
[BlackElo "2125"]
[PlyCount "80"]
[EventDate "2006.03.17"]
[EventType "swiss"]
[EventRounds "9"]
[EventCountry "GER"]
[SourceTitle "EXT 2022"]
[Source "ChessBase"]
[SourceDate "2021.10.06"]
[SourceVersion "1"]
[SourceVersionDate "2021.10.06"]
[SourceQuality "1"]

1. e4 c5 2. Nf3 Nc6 3. Bb5 e6 4. Bxc6 bxc6 5. d3 Ne7 6. 0-0 Ng6 7. Ng5 f6 8. Nh3 Be7 9. f4 0-0 10. Nc3 d5 11. b3 f5 12. e5 Ba6 13. Na4 Bb5 14. Nb2 a5 15. a4 Ba6 16. Be3 Rb8 17. Qh5 Qe8 18. Rab1 Qf7 19. Kh1 Nxe5 20. Qe2 Ng4 21. Bd2 Ra8 22. Ng1 Bd6 23. Nf3 Rfe8 24. Qe1 e5 25. fxe5 Nxe5 26. Qh4 Nxf3 27. Rxf3 Re2 28. Rf2 Rae8 29. Rbf1 Rxf2 30. Qxf2 Qh5 31. Bf4 Re2 32. Qg3 Be7 33. Bd6 Bh4 34. Qf4 Rxc2 35. Bxc5 h6 36. Bd4 Qe2 37. Qf3 Qxf3 38. gxf3 c5 39. Be5 Re2 40. Rg1 Rxe5 0-1

[Event "Bad Woerishofen Seniors opA 22th"]
[Site "Bad Woerishofen"]
[Date "2006.03.21"]
[Round "5"]
[White "Bierwisch, Bernhard"]
[Black "Minz, Michail"]
[Result "1/2-1/2"]
[WhiteElo "2125"]
[BlackElo "2020"]
[PlyCount "114"]
[EventDate "2006.03.17"]
[EventType "swiss"]
[EventRounds "9"]
[EventCountry "GER"]
[SourceTitle "EXT 2022"]
[Source "ChessBase"]
[SourceDate "2021.10.06"]
[SourceVersion "1"]
[SourceVersionDate "2021.10.06"]
[SourceQuality "1"]

1. e4 e6 2. d4 d5 3. Nd2 Bd7 4. Ngf3 a6 5. c3 Bb5 6. Be2 Nf6 7. exd5 Bxe2 8. Qxe2 Nxd5 9. Ne4 Be7 10. 0-0 0-0 11. c4 Nf6 12. Bf4 c6 13. Rfd1 Nxe4 14. Qxe4 Nd7 15. Rd3 Nf6 16. Qe2 Qa5 17. Ne5 Rad8 18. g4 Nd7 19. Rh3 Nxe5 20. Bxe5 f6 21. Bf4 e5 22. dxe5 fxe5 23. Bxe5 Bf6 24. Bxf6 Rxf6 25. Re3 Rdf8 26. Rf1 Rf4 27. b3 Qc5 28. h3 R4f7 29. Re8 Rxe8 30. Qxe8+ Qf8 31. Qxf8+ Kxf8 32. Re1 Rd7 33. Re2 Kf7 34. Kg2 Rd1 35. h4 h6 36. h5 a5 37. a4 Rb1 38. Re3 Kf6 39. Kg3 Rb2 40. f3 Rd2 41. f4 Rb2 42. Kh4 Rh2+ 43. Rh3 Rf2 44. Rd3 Rh2+ 45. Kg3 Rb2 46. Kf3 Ke6 47. Ke4 b6 48. Rg3 Re2+ 49. Kd3 Rb2 50. Kc3 Rf2 51. Re3+ Kd6 52. f5 Rg2 53. Re6+ Kc5 54. Re5+ Kd6 55. Re4 Rg3+ 56. Kb2 Kd7 57. Ka3 Rg2 1/2-1/2

[Event "Hessen-ch Seniors op 01st"]
[Site "Bad Sooden-Allendorf"]
[Date "2005.04.30"]
[Round "9"]
[White "Raedeker, Bernd"]
[Black "Bierwisch, Bernhard"]
[Result "1-0"]
[WhiteElo "2124"]
[BlackElo "2103"]
[PlyCount "81"]
[EventDate "2005.04.22"]
[EventType "swiss"]
[EventRounds "9"]
[EventCountry "GER"]
[SourceTitle "EXT 2007"]
[Source "ChessBase"]
[SourceDate "2006.11.23"]
[SourceVersion "1"]
[SourceVersionDate "2006.11.23"]
[SourceQuality "1"]

1. d4 Nf6 2. c4 d6 3. Nf3 g6 4. g3 Bg7 5. Bg2 0-0 6. 0-0 c6 7. Nc3 Qc7 8. h3 e5 9. e4 Re8 10. Be3 Na6 11. d5 c5 12. Qd2 Qe7 13. Bg5 Qf8 14. Ne1 h6 15. Be3 Nb8 16. Nb5 Na6 17. Nd3 Kh7 18. b4 b6 19. Rae1 Qe7 20. f4 Nd7 21. a3 f6 22. Rf2 exf4 23. gxf4 Rf8 24. Rfe2 g5 25. e5 fxe5 26. fxe5 Nxe5 27. Nxe5 Bxe5 28. Bxc5 bxc5 29. Rxe5 dxe5 30. d6 Qf6 31. Bxa8 Bxh3 32. Bb7 Qe6 33. Qd3+ Bf5 34. Qd5 Qxd5 35. cxd5 Bc8 36. Bxa6 Bxa6 37. Nc7 cxb4 38. Nxa6 bxa3 39. Nc5 Rd8 40. d7 Kg6 41. Ne6 1-0

[Event "Hessen-ch Seniors op 01st"]
[Site "Bad Sooden-Allendorf"]
[Date "2005.04.23"]
[Round "2"]
[White "Bierwisch, Bernhard"]
[Black "Piastowski, Kurt"]
[Result "1/2-1/2"]
[WhiteElo "2103"]
[BlackElo "1794"]
[PlyCount "117"]
[EventDate "2005.04.22"]
[EventType "swiss"]
[EventRounds "9"]
[EventCountry "GER"]
[SourceTitle "EXT 2007"]
[Source "ChessBase"]
[SourceDate "2006.11.23"]
[SourceVersion "1"]
[SourceVersionDate "2006.11.23"]
[SourceQuality "1"]

1. e4 d6 2. d4 Nf6 3. Nc3 c6 4. Be2 Nbd7 5. Nf3 Qc7 6. 0-0 e5 7. a4 Be7 8. h3 a5 9. Be3 Nb6 10. Qd2 0-0 11. dxe5 dxe5 12. Bxb6 Qxb6 13. Nxe5 Bb4 14. Nc4 Qc5 15. e5 Nd7 16. Ne4 Qxc4 17. Bxc4 Bxd2 18. Nxd2 Nxe5 19. Bb3 Rd8 20. Rfe1 Ng6 21. Nf3 h6 22. Ne5 Nh8 23. Nc4 Be6 24. Nb6 Ra6 25. Bxe6 fxe6 26. Nc4 Kf7 27. Re4 Ng6 28. g3 c5 29. Rae1 Kf6 30. Kg2 Rd4 31. f4 Rxe4 32. Rxe4 Ne7 33. Kf3 Nc6 34. c3 Ra8 35. g4 Rd8 36. h4 Rd3+ 37. Re3 Rd1 38. g5+ hxg5 39. fxg5+ Ke7 40. h5 Rh1 41. Kg4 Rg1+ 42. Rg3 Re1 43. Kh4 Rh1+ 44. Rh3 Re1 45. Kg3 Rg1+ 46. Kf4 Rf1+ 47. Ke4 Re1+ 48. Ne3 Kf7 49. Rh2 Kg8 50. g6 Ne7 51. Kf3 Nd5 52. Nxd5 exd5 53. Re2 Rf1+ 54. Kg4 Kf8 55. Re5 Rd1 56. Kf5 d4 57. cxd4 cxd4 58. Rd5 d3 59. Ke4 1/2-1/2

[Event "EU-ch Seniors 05th"]
[Site "Bad Homburg"]
[Date "2005.??.??"]
[Round "9"]
[White "Bierwisch, Bernhard"]
[Black "Gruzmann, Boris"]
[Result "1-0"]
[WhiteElo "2197"]
[BlackElo "2280"]
[PlyCount "77"]
[EventDate "2005.06.25"]
[EventType "swiss"]
[EventRounds "9"]
[EventCountry "GER"]
[SourceTitle "EXT 2006"]
[Source "ChessBase"]
[SourceDate "2005.11.24"]
[SourceVersion "1"]
[SourceVersionDate "2005.11.24"]
[SourceQuality "1"]

1. e4 c5 2. Nc3 Nc6 3. g3 g6 4. Bg2 Bg7 5. d3 d6 6. Be3 e5 7. Qd2 Rb8 8. a4 Nd4 9. Nd5 Be6 10. Nc3 a6 11. Nge2 h5 12. 0-0 h4 13. f4 hxg3 14. hxg3 Nh6 15. f5 gxf5 16. Bg5 Qd7 17. Nxd4 cxd4 18. exf5 dxc3 19. fxe6 fxe6 20. bxc3 d5 21. d4 Nf7 22. Bf6 Bh6 23. Qe2 Rg8 24. Bxe5 Rc8 25. Qh5 Be3+ 26. Kh2 Rg5 27. Qh7 Nxe5 28. Qh8+ Ke7 29. Qh7+ Kd8 30. Rf8+ Kc7 31. Rxc8+ Kxc8 32. Qh8+ Kc7 33. dxe5 Qf7 34. Qf6 Qh7+ 35. Bh3 Qxc2+ 36. Kh1 Qe4+ 37. Kh2 Rxe5 38. Ra2 Kb8 39. Rb2 1-0

[Event "Wch Seniors 14th"]
[Site "Halle"]
[Date "2004.10.30"]
[Round "7"]
[White "Filzmaier, Bruno"]
[Black "Bierwisch, Bernhard"]
[Result "1/2-1/2"]
[WhiteElo "1930"]
[BlackElo "2201"]
[PlyCount "113"]
[EventDate "2004.10.24"]
[EventType "swiss"]
[EventRounds "11"]
[EventCountry "GER"]
[SourceTitle "EXT 2005"]
[Source "ChessBase"]
[SourceDate "2004.11.15"]
[SourceVersion "1"]
[SourceVersionDate "2004.11.15"]
[SourceQuality "1"]

1. a3 c5 2. e3 g6 3. d4 b6 4. Nf3 Bg7 5. Be2 Nf6 6. 0-0 0-0 7. c4 Bb7 8. b4 d5 9. Bb2 Na6 10. dxc5 bxc5 11. b5 Nc7 12. Nbd2 Qd6 13. Qb3 Nd7 14. Bxg7 Kxg7 15. a4 d4 16. exd4 cxd4 17. Qd3 e5 18. Ne4 Qe7 19. c5 Bxe4 20. Qxe4 Qxc5 21. Rfc1 Qd5 22. Bd3 f5 23. Qh4 Ne8 24. Rc6 Rf6 25. Rac1 h6 26. Qg3 e4 27. Rxf6 Ndxf6 28. Bc4 Qd6 29. Qxd6 Nxd6 30. Nxd4 g5 31. Be6 f4 32. Rc6 Nfe8 33. Bd7 Rb8 34. Bxe8 Nxe8 35. Nf5+ Kf7 36. Nxh6+ Kf8 37. Ng4 Rd8 38. h3 Rd4 39. a5 Rd5 40. Ra6 Rxb5 41. Rxa7 Rb1+ 42. Kh2 Ra1 43. a6 Ra5 44. g3 Ra2 45. gxf4 gxf4 46. Kg1 Ra1+ 47. Kg2 Ra2 48. Kf1 Nd6 49. Ra8+ Ke7 50. a7 Nb5 51. Rh8 Nxa7 52. Rh7+ Ke6 53. Rh6+ Kf5 54. Rh5+ Kg6 55. Re5 Ra4 56. Rc5 Rb4 57. Rc4 1/2-1/2

[Event "Bad Wildungen Seniors op-A 1st"]
[Site "Bad Wildungen"]
[Date "2004.07.09"]
[Round "7"]
[White "Bierwisch, Bernhard"]
[Black "Bauder, Herbert"]
[Result "1-0"]
[WhiteElo "2080"]
[BlackElo "1916"]
[PlyCount "133"]
[EventDate "2004.07.03"]
[EventType "swiss"]
[EventRounds "9"]
[EventCountry "GER"]
[SourceTitle "EXT 2006"]
[Source "ChessBase"]
[SourceDate "2005.11.24"]
[SourceVersion "1"]
[SourceVersionDate "2005.11.24"]
[SourceQuality "1"]

1. e4 c5 2. Nc3 Nc6 3. f4 g6 4. Nf3 d6 5. d3 Bg7 6. Be2 Nf6 7. 0-0 0-0 8. Kh1 Rb8 9. Be3 b5 10. Qd2 b4 11. Nd1 Ng4 12. Bg1 Nd4 13. h3 Nxe2 14. Qxe2 Nf6 15. g4 h5 16. Nh2 hxg4 17. hxg4 Qc7 18. Be3 d5 19. e5 Nd7 20. d4 cxd4 21. Bxd4 Nc5 22. Qe3 Ne4 23. c3 a5 24. Nf2 bxc3 25. bxc3 Rb2 26. Nxe4 dxe4 27. Rf2 Qb7 28. Rxb2 Qxb2 29. c4 Qc2 30. c5 Bb7 31. Rc1 Qa4 32. Rb1 Bc6 33. Rb2 Rd8 34. Rd2 Qc4 35. Kg1 Qc1+ 36. Kf2 Qh1 37. Kg3 Qc1 38. g5 Bf8 39. Kf2 Qh1 40. Kg3 Qc1 41. Bc3 Rxd2 42. Bxd2 Qc4 43. Bxa5 Qxa2 44. Bc3 Qc4 45. Bd4 Qc2 46. Nf1 e6 47. Qd2 Qb3+ 48. Ne3 Be7 49. Qc2 Qa3 50. Kf2 Bd8 51. Qb2 Qa4 52. Ng4 Qd1 53. Nf6+ Bxf6 54. exf6 Qf3+ 55. Ke1 Qh1+ 56. Kd2 Qg2+ 57. Kc3 Qf3+ 58. Kb4 Qxf4 59. Be5 Qxg5 60. Ka5 e3 61. Qb8+ Kh7 62. Qf8 Qh6 63. Qxf7+ Kh8 64. Qe7 g5 65. f7+ Kh7 66. f8Q+ Kg6 67. Qff7# 1-0

[Event "Bad Wildungen Seniors op-A 1st"]
[Site "Bad Wildungen"]
[Date "2004.07.08"]
[Round "6"]
[White "Rotstein, Jefim"]
[Black "Bierwisch, Bernhard"]
[Result "0-1"]
[WhiteElo "2289"]
[BlackElo "2080"]
[PlyCount "83"]
[EventDate "2004.07.03"]
[EventType "swiss"]
[EventRounds "9"]
[EventCountry "GER"]
[SourceTitle "EXT 2006"]
[Source "ChessBase"]
[SourceDate "2005.11.24"]
[SourceVersion "1"]
[SourceVersionDate "2005.11.24"]
[SourceQuality "1"]

1. e4 c5 2. Nc3 Nc6 3. f4 e6 4. Nf3 d5 5. d3 Nge7 6. Be2 f5 7. 0-0 Ng6 8. exf5 exf5 9. d4 cxd4 10. Nb5 Bc5 11. Nbxd4 0-0 12. Kh1 Re8 13. c3 Be6 14. Bd3 Qf6 15. Be3 Bb6 16. Qd2 Rad8 17. Rae1 Bc8 18. Bc2 Kh8 19. b4 h6 20. Nxc6 bxc6 21. Bd4 Rxe1 22. Rxe1 Bxd4 23. cxd4 Ne7 24. Qe3 Ng8 25. Ne5 Kh7 26. h3 g6 27. Kh2 Kg7 28. Qc3 Rd6 29. Qc5 Qe7 30. Nxc6 Qxe1 31. Qxd6 Qc1 32. Bb3 Nf6 33. Nd8 Qd2 34. Qe5 Qxb4 35. Bxd5 Qa3 36. Qc7+ Bd7 37. Ne6+ Kf7 38. Bb3 Qe7 39. Nc5+ Kg7 40. Qe5 Qd8 41. Be6 Kh7 42. Nxd7 0-1

[Event "Bad Wildungen Seniors op-A 1st"]
[Site "Bad Wildungen"]
[Date "2004.07.03"]
[Round "1"]
[White "Claus, Joachim"]
[Black "Bierwisch, Bernhard"]
[Result "0-1"]
[WhiteElo "1830"]
[BlackElo "2080"]
[PlyCount "98"]
[EventDate "2004.07.03"]
[EventType "swiss"]
[EventRounds "9"]
[EventCountry "GER"]
[SourceTitle "EXT 2006"]
[Source "ChessBase"]
[SourceDate "2005.11.24"]
[SourceVersion "1"]
[SourceVersionDate "2005.11.24"]
[SourceQuality "1"]

1. e4 c5 2. d4 cxd4 3. c3 d3 4. Bxd3 Nc6 5. Nf3 d6 6. h3 Nf6 7. 0-0 e6 8. Qe2 Be7 9. Bf4 0-0 10. Rd1 e5 11. Bh2 a6 12. Nbd2 Qc7 13. Rac1 h6 14. Nf1 Be6 15. Bb1 Rfe8 16. Ne3 Bf8 17. Rd2 b5 18. b3 Ne7 19. Rdd1 Ng6 20. Qb2 Qb7 21. Qc2 Rac8 22. Qd3 Rc5 23. Nd2 d5 24. f3 Rec8 25. exd5 Nxd5 26. Ne4 Nxe3 27. Qxe3 R5c6 28. Kf1 Ba3 29. Rc2 f5 30. Nd2 Bc5 31. Qe2 Bd4 32. cxd4 Rxc2 33. Bxc2 Rxc2 34. Bxe5 Qd5 35. Qe3 Rxa2 36. Qc3 a5 37. Bg3 a4 38. bxa4 bxa4 39. Ra1 Qb5+ 40. Ke1 Rxa1+ 41. Qxa1 Qb4 42. Qb1 Qxd4 43. Bf2 Qe5+ 44. Kd1 a3 45. Nb3 Qd5+ 46. Kc2 Qc4+ 47. Kd2 Qxb3 48. Qxb3 Bxb3 49. Bd4 Nf4 0-1

[Event "Bad Sooden-Allendorf Seniors op 16th"]
[Site "Bad Sooden-Allendorf"]
[Date "2004.04.27"]
[Round "6"]
[White "Gudat, Alfons"]
[Black "Bierwisch, Bernhard"]
[Result "1/2-1/2"]
[WhiteElo "2071"]
[BlackElo "2205"]
[PlyCount "23"]
[EventDate "2004.04.22"]
[EventType "swiss"]
[EventRounds "9"]
[EventCountry "GER"]
[SourceTitle "EXT 2006"]
[Source "ChessBase"]
[SourceDate "2005.11.24"]
[SourceVersion "1"]
[SourceVersionDate "2005.11.24"]
[SourceQuality "1"]

1. e4 c5 2. Nf3 Nc6 3. Bb5 e6 4. c3 Nge7 5. 0-0 a6 6. Ba4 b5 7. Bc2 d5 8. exd5 Nxd5 9. d4 cxd4 10. Nxd4 Nxd4 11. Qxd4 Qf6 12. Qxf6 1/2-1/2